000 00853nam a2200265Ia 4500
003 OSt
005 20220927105808.0
006 a|||||r|||| 00| 0
007 ta
008 220926b |||||||| |||| 00| 0 eng d
024 _a205668
037 _cReference Collections
040 _aRTL
_cRTL
_beng
041 _2eng
_aeng
082 _a"X9(H1), n2, Q5.1-.3/GD"
100 _a"INDIA, MINES (Bureau of-)"
_9355701
110 _a"INDIA, MINES (Bureau of-)"
_9375099
245 0 _aIndian minerals yearbook 2013
260 _a"Nagpur,"
_b"Indian Bureau of Mines, "
_c2015
300 _avarious pagination
_ccm.
490 _v01496301: V1
700 _a"INDIA, MINES (Bureau of-)"
_9355701
942 _h"X9(H1), n2, Q5.1-.3/GD"
_cCC
999 _c694724
_d694724